000 00680nam a2200217 i 4500
001 47988
003 ES-MaACL
005 20250815110834.0
007 t|
008 981124s1879 fr ||||1| fre d
040 _aCAM
_bspa
_cCCPB
100 1 _aCredner, Hermann.
_941471
245 1 0 _aTraité de géologie et de paléontologie /
_cpar Credner ; traduit sur la troisième édition allemande par R. Moniez.
260 _aParis :
_bF. Savy,
_c1879.
300 _aXV, 667 p. ;
_c24 cm.
650 0 7 _aGeología
_2embne
_913086
650 0 7 _aPaleontología
_2embne
_915808
700 1 _aMoniez, Romain.
_982213
852 _aES-MaACL
_jB-7463
999 _c47988
_d47988